00308nam a2200121Ia 4500008004100000041000800041082001200049100002200061245002900083260003300112300003000145365001100175240624s9999 xx 000 0 und d aeng a954 FRI aFRIEDMAN THOMAS L aLONGITUDES AND ATTITUDES c2003aNew YorkbAnchor Books axv, : 399 : p. : cm. ; 20 cRSb35